Souboj personalistů o přežití

Štyri úlohy personalistov. Kľúčové kompetencie, ktoré by mal mať dnešný úspešný HR manažér.

Uložené v:
Podrobná bibliografia
Hlavný autor: Čechová Hansen, Barbara
Médium: Kapitola
Jazyk:Czech
Predmet:
Tagy: Pridať tag
Žiadne tagy, Buďte prvý, kto otaguje tento záznam!

MARC

LEADER 00000naa a2200000 4500
001 0150594
005 20231113133110.6
041 0 |a cze 
044 |a CZ 
245 1 0 |a Souboj personalistů o přežití  |c Barbara Čechová Hansen 
520 |a Štyri úlohy personalistov. Kľúčové kompetencie, ktoré by mal mať dnešný úspešný HR manažér. 
610 2 0 |a zdroje ľudské 
610 2 0 |a manažéri 
610 2 0 |a personalisti 
610 2 0 |a riadenie ľudských zdrojov 
100 1 |a Čechová Hansen, Barbara